[Event "GER-chT School WK H+R"]
[Site "Playchess.com INT"]
[Date "2020.06.17"]
[Round "6.4"]
[White "Brauer, Marek"]
[Black "Marquart, Alexander"]
[Result "1-0"]
[WhiteElo "1414"]
[BlackElo "1512"]
[PlyCount "79"]
[EventDate "2020.06.10"]
[EventType "team-swiss (blitz)"]
[EventRounds "7"]
[EventCountry "GER"]
[SourceTitle "EXT 2021"]
[Source "ChessBase"]
[SourceDate "2020.10.23"]
[SourceVersion "1"]
[SourceVersionDate "2020.10.23"]
[SourceQuality "1"]
[WhiteTeam "Aschersleben Adam Olearius"]
[BlackTeam "Pfullingen Hauff Realschule"]
[WhiteTeamCountry "GER"]
[BlackTeamCountry "GER"]

1. d4 e6 2. c3 d5 3. e3 Nf6 4. f4 c5 5. Nf3 Nc6 6. Bb5 Qb6 7. Bxc6+ Qxc6 8. 0-0 c4 9. Ne5 Qb6 10. Nd2 Bd7 11. Ndf3 0-0-0 12. Nxd7 Nxd7 13. Ne5 Nxe5 14. fxe5 Rd7 15. Qe2 g6 16. e4 Bg7 17. exd5 exd5 18. Be3 Re7 19. Rf2 f6 20. exf6 Bxf6 21. Raf1 Bg5 22. Qg4+ Kb8 23. Bxg5 Ree8 24. Qg3+ Ka8 25. Bh6 a6 26. Qg5 Ka7 27. Qxd5 Rc8 28. Qe5 Rhe8 29. Qf6 Qb5 30. Qg7 Rh8 31. Qe5 Qc6 32. Rf6 Qd7 33. Rf7 Qc6 34. R1f6 Qa4 35. Qe7 Rb8 36. h3 Qd1+ 37. Kh2 Rhe8 38. Qc5+ Ka8 39. Rxa6+ bxa6 40. Qa7# 1-0